BALKAN NATIONS - Statistics

General Stats
  • This quiz has been taken 59 times
  • The average score is 9 of 11
Answers on the Grid
Answers color-coded by a green-red scale on the quiz's grid according to % correct below.
Slovenia
Italy
France
Bulgaria
Yemen
Spain
Kosovo
Austria
Romania
Turkey
Croatia
Iran
Albania
Australia
Bosnia
USA
N.Macedonia
Serbia
Greece
Montenegro
 
Answer Stats
Answer % Correct
Bulgaria
100%
Kosovo
98%
Slovenia
93%
Romania
81%
Serbia
81%
Bosnia
79%
Croatia
79%
Albania
76%
Montenegro
76%
N.Macedonia
76%
Greece
74%
No matching quizzes found
Score Distribution
Percent of People with Each Score
Percentile by Number Answered
Your Score History
You have not taken this quiz